Szczegóły MARC21

Międzyregionalne porozumienia handlowe : transpacyficzny regionalizm jako alternatywa dla "wolnego" handlu ? /

003 -Nazwa inst., której nr kontr. jest w polu 001 [,]
    • @
    • Nazwa instytucji, której n kontrolny jest w polu 001
    • NUKAT
005 -DATA I CZAS OSTATNIEJ MODYFIKACJI [,]
    • @
    • pole kontrolne
    • 20241231095357.0
020 -Międzynarod. znormalizowany nr książki - ISBN [ , ]
    • a
    • Numer ISBN
    • 9788379302567 Find
040 -Instytucja sporządzająca opis [ , ]
    • a
    • Instytucja, która sporządziła opis (NP)
    • Ł U/ek
    • c
    • Instytucja, która sporządziła rekord (NP)
    • Ł U/ek
    • d
    • Instytucja, która zmodyfikowała rekord (P)
    • Ł U/ek
    • d
    • Instytucja, która zmodyfikowała rekord (P)
    • WR U/KPs
041 -Język dokumentu [0, ]
    • a
    • Język tekstu (P)
    • polski
    • b
    • Język streszczeń lub abstraktu (P)
    • angielski
942 -Rodzaj dokumentu [ , ]
    • c
    • Rodzaj dokumentu
    • Książka
100 -Hasło główne - nazwa osobowa [1, ]
    • a
    • Nazwa osobowa (NP)
    • Michalski, Bartosz.
    • 9
    • KHW
    • 69938
245 -Strefa tytułu i oznaczenia odpowiedzialności [1,0]
    • a
    • Tytuł
    • Międzyregionalne porozumienia handlowe : Find
    • b
    • Ciąg dalszy tytułu (NP)
    • transpacyficzny regionalizm jako alternatywa dla "wolnego" handlu ? / Find
    • c
    • Pozostałe elementy strefy tytułu i oznaczenia odpowiedzialności (NP)
    • Bartosz Michalski.
260 -Strefa adresu wydawniczego [ , ]
    • a
    • Miejsce wydania (P)
    • Warszawa :
    • b
    • Nazwa wydawcy (P)
    • Difin,
    • c
    • Data wydania (P)
    • 2014.
300 -Strefa opisu fizycznego [ , ]
    • a
    • Określenie formy książki i/lub objętość (NP)
    • 253 s. :
    • b
    • Oznaczenie ilustracji (NP)
    • il. ;
    • c
    • Format (NP)
    • 23 cm.
336 -Typ zawartości [ , ]
    • a
    • Termin opisujący typ zawartości
    • Tekst
    • b
    • Kod określający zawartość
    • txt
    • 2
    • Źródło (terminu i kodu)
    • rdacontent
337 -Typ mediów [ , ]
    • a
    • Tryb odtwarzania
    • Bez urządzenia pośredniczącego
    • b
    • Kod typu mediów
    • n
    • 2
    • Źródło (terminu i kodu)
    • rdamedia
338 -Typ/rodzaj nośnika [ , ]
    • a
    • Hasło opisujące typ nośnika
    • Wolumin
    • b
    • Kod typu nośnika
    • nc
    • 2
    • Źródło (terminu i kodu)
    • rdacarrier
504 -Uwaga dot. bibliogr. załącznikowej [ , ]
    • a
    • Uwaga dot. bibliografii załącznikowej
    • Bibliogr. s. [231]-253.
546 -Uwaga dot. języka [ , ]
    • a
    • Uwaga dot. języka
    • Streszcz. ang.
080 -Uniwersalna Klasyfikacja Dziesiętna [ , ]
    • 2
    • Identyfikator wydania tablic
    • UDC-P058
    • 9
    • UKD
    • 3313
    • a
    • Symbol klasyfikacji
    • 339.5
    • b
    • Dopowiedzenie
    • Handel zagraniczny. Handel międzynarodowy. Polityka handlu zagranicznego. Cła.
    • 4
    • UKD2
    • 8650
    • x
    • Poddział wspólny
    • "1945/..."
    • c
    • Dopowiedzenie poddz. wspólnego
    • Od 1945.
080 -Uniwersalna Klasyfikacja Dziesiętna [ , ]
    • 2
    • Identyfikator wydania tablic
    • UDC-P058
    • 9
    • UKD
    • 3339
    • a
    • Symbol klasyfikacji
    • 339.923
    • b
    • Dopowiedzenie
    • Unie gospodarcze. Wspólnoty gospodarcze. Bloki gospodarcze.
    • 4
    • UKD2
    • 11664
    • x
    • Poddział wspólny
    • "2000/..."
    • c
    • Dopowiedzenie poddz. wspólnego
    • Od 2000.
    • 4
    • UKD2
    • 11117
    • x
    • Poddział wspólny
    • (5)
    • c
    • Dopowiedzenie poddz. wspólnego
    • (Azja).
    • 4
    • UKD2
    • 18519
    • x
    • Poddział wspólny
    • (9)
    • c
    • Dopowiedzenie poddz. wspólnego
    • (Kraje i regiony Pacyfiku. Australia. Arktyka. Antarktyda).
080 -Uniwersalna Klasyfikacja Dziesiętna [ , ]
    • 2
    • Identyfikator wydania tablic
    • UDC-P058
    • 9
    • UKD
    • 3064
    • a
    • Symbol klasyfikacji
    • 332.122
    • b
    • Dopowiedzenie
    • Obszary gospodarcze. Regiony gospodarcze. Strefy gospodarcze.
    • 4
    • UKD2
    • 11664
    • x
    • Poddział wspólny
    • "2000/..."
    • c
    • Dopowiedzenie poddz. wspólnego
    • Od 2000.
    • 4
    • UKD2
    • 11117
    • x
    • Poddział wspólny
    • (5)
    • c
    • Dopowiedzenie poddz. wspólnego
    • (Azja).
    • 4
    • UKD2
    • 18519
    • x
    • Poddział wspólny
    • (9)
    • c
    • Dopowiedzenie poddz. wspólnego
    • (Kraje i regiony Pacyfiku. Australia. Arktyka. Antarktyda).
080 -Uniwersalna Klasyfikacja Dziesiętna [ , ]
    • 2
    • Identyfikator wydania tablic
    • UDC-P058
    • 9
    • UKD
    • 3337
    • a
    • Symbol klasyfikacji
    • 339.92
    • b
    • Dopowiedzenie
    • Międzynarodowa współpraca gospodarcza. Międzynarodowa integracja gospodarcza.
    • 4
    • UKD2
    • 11664
    • x
    • Poddział wspólny
    • "2000/..."
    • c
    • Dopowiedzenie poddz. wspólnego
    • Od 2000.
650 -Hasło przedmiotowe [ ,7]
    • a
    • Hasło przedmiotowe
    • Bloki handlowe.
    • 2
    • Źródło terminu
    • kaba
    • 9
    • KHW
    • 163989
650 -Hasło przedmiotowe [ ,7]
    • a
    • Hasło przedmiotowe
    • Handel międzynarodowy.
    • 2
    • Źródło terminu
    • kaba
    • 9
    • KHW
    • 110974
650 -Hasło przedmiotowe [ ,7]
    • a
    • Hasło przedmiotowe
    • Umowy międzynarodowe.
    • 2
    • Źródło terminu
    • kaba
    • 9
    • KHW
    • 134586
650 -Hasło przedmiotowe [ ,7]
    • a
    • Hasło przedmiotowe
    • Międzynarodowa integracja gospodarcza.
    • 2
    • Źródło terminu
    • kaba
    • 9
    • KHW
    • 119603
650 -Hasło przedmiotowe [ ,7]
    • a
    • Hasło przedmiotowe
    • Unie celne.
    • 2
    • Źródło terminu
    • kaba
    • 9
    • KHW
    • 134600
980 -Symbol UKD [ , ]
    • a
    • UKD
    • 339.5"1945/...":[339.923:332.122](5:9):339.92]"2000/..."
710 -Hasło dodatkowe - nazwa ciała zbiorowego [2, ]
    • a
    • Nazwa ciała zbiorowego lub nazwa geograficzna jako pierwszy element (NP)
    • Difin.
    • 4
    • Kod relacji
    • pbl
    • 9
    • KHW
    • 52248
920 -ISBN [ , ]
    • a
    • ISBN
    • 978-83-7930-256-7 Find
Data inwentaryzacji Lokalizacja Status udost. Numer inwentarzowy
2014-03-31BE-2E.75143
2019-06-06BE-2S.96054
2014-04-16BG-3WM.15696
2014-04-16BG-3WM.15697
2014-04-16BG-3WM.15698